Tous les Français champions du monde de Natation - Statistiques

Statistiques générales
  • Ce quiz a été pris 96 fois
  • Le résultat moyen est 9 sur 12
Statistiques - réponses
Édition Épreuve Athlète % Correct
Kazan 2015 50 m nage libre Florent Manaudou
98%
Montréal 2005 400 m nage libre F Laure Manaudou
98%
Kazan 2015 4 x 100 m nage libre H Mehdy Metella / Florent Manaudou / Fabien Gilot / Jérémy Stravius
98%
Barcelone 2013 4 x 100 m nage libre H Yannick Agnel / Florent Manaudou / Fabien Gilot / Jérémy Stravius
98%
Budapest 2022 200 m quatre nages H Léon Marchand
94%
Barcelone 2013 4 x 100 m quatre nages H Camille Lacourt / Giacomo Perez-Dortona / Jérémy Stravius / Fabien Gilot
91%
Shanghai 2011 100 m dos H Camille Lacourt
88%
Fukuoka 2023 100 m papillon H Maxime Grousset
80%
Shanghai 2011 100 m dos H Jérémy Stravius
78%
Barcelone 2013 200 m nage libre H Yannick Agnel
78%
Perth 1998 200 m dos F Roxana Maracineanu
28%
Montréal 2005 200 m nage libre F Solenne Figuès
15%
Aucun quiz correspondant
Distribution des résultats
% des personnes avec chaque résultat
Percentile par nombre de réponses
Votre historique - résultats
Vous n’avez pas pris ce quiz